| 000 | 00000nam##2200000za#4500 |
| 001 | 9.587091 |
| 003 | CaOODSP |
| 005 | 20210624194445 |
| 007 | cr ||||||||||| |
| 008 | 150406|1997||||xxc|||||o f|0| 0 eng|d |
| 040 | |aCaOODSP|beng |
| 041 | |aeng |
| 041 | |afre |
| 043 | |an-cn--- |
| 086 | 1 |aS52-2/233-1997-PDF |
| 110 | 1 |aCanada. |bPublic Works and Government Services Canada. |bTranslation Bureau. |
| 245 | 10|aInformatics glossary / |h[electronic resource]|c[by] François Mouzard. |
| 250 | |a2nd ed. |
| 260 | |aGatineau - Quebec : |bPublic Works and Government Services Canada. |cc1997. |
| 300 | |a253p.|bglossary |
| 490 | 1 |aTerminology bulletin|v233 |
| 500 | |aThe catalogue number (S52-2/233-1997) and ISBN (0-660-60165-6) for the print edition have been incorrectly copied in this electronic publication. |
| 504 | |aBibliography. |
| 590 | |a11-24-Supp|b2011-10-24 |
| 690 | 07|aDictionaries|2gcpds |
| 690 | 07|aInformation|2gcpds |
| 720 | 1 |aMouzard, François |
| 776 | 0#|tLexique de l'informatique / |w(CaOODSP)9.529373 |
| 792 | |tLexique de l'informatique / |efre|w(CaOODSP)9.587092 |
| 830 | #0|aTerminology bulletin ;|v233|w(CaOODSP)9.500139 |
| 856 | 40|ahttp://publications.gc.ca|qPDF|s1.10 MB|uhttps://publications.gc.ca/collections/collection_2011/tpsgc-pwgsc/S52-2-233-1997.pdf|y233 |